000 00356nam a2200157Ia 4500
005 20250425161143.0
008 250425s9999 xx 000 0 und d
041 _aeng
082 _a540
245 0 _aGENERAL CHEMISTRY; INORGANIC AND ORGANIC
250 _aS.E.
260 _aS.L.
260 _aSin Pais
_bS.E.
_c1960
942 _c01
010 _a13894
999 _c203488
_d203488